000 01623nam a2200337 i 4500
001 C00085966c
005 20241029152843.0
007 ta
008 240116s1988 sp a 000 0dspa
040 _aM-RABA
_bspa
_cM-RABA
245 0 0 _aAire libre. Esculturas en la plaza :
_bRuinas de Santa María, 11 al 21 de febrero, 1988 /
_cFundación Colegio del Rey.
260 _aAlcalá de Henares :
_bFundación Colegio del Rey,
_c[1988]
300 _a12 p. :
_bil. bl. y n. ;
_c26 cm.
500 _a"Este montaje forma parte de ARCO'88 en la sección Madrid en vanguardia"-- Anteportada.
500 _aIncluye la obra de los escultores madrileños: Jesús Avecilla, Francisco Barón, Ginés Castillo, David Lechuga, Carmen Osuna, Jesús Prades, Miguel Angel Sánchez, Ignacio Van Aerssen y Jorge Varas.
600 1 4 _aVaras, Jorge,
_eescultor.
_926204
600 1 4 _aAerssen, Ignacio van (
_d1957-),
_eescultor.
_964525
600 1 4 _aBarón, Francisco (
_d1931-2006),
_eescultor.
_9129
600 1 4 _aLechuga, David,
_eescultor.
_924875
600 1 4 _aPrades, Jesús (
_d1959-),
_eescultor.
_964526
600 1 4 _aSánchez Domínguez, Miguel Ángel (
_d1946-),
_eescultor.
_964527
600 1 4 _aAvecilla, Jesús (
_d1941-),
_eescultor.
_964529
600 1 4 _aCastillo, Ginés (
_d1960-)
_964530
600 1 4 _aOsuna, Carmen,
_eescultor.
_927055
650 4 _aEscultura española-
_yS. XX-
_xExposiciones.
_977656
655 _aCatálogos de exposiciones.
_945336
710 1 _aFundación Colegio del Rey (
_cAlcalá de Henares)
_93681
852 4 _aM-RABA
_d3/h AIR
_jF-15144
999 _c82279
_d82279